| 000 | 00824cam a22002537a 4500 | ||
|---|---|---|---|
| 001 | 14468723 | ||
| 005 | 20130317135037.0 | ||
| 008 | 060726s2007 ne a b 001 0 eng | ||
| 010 | _a 2006931689 | ||
| 020 | _a0750680164 (pbk.) | ||
| 020 | _a9780750680165 (pbk.) | ||
| 082 | 0 | 0 |
_a690.0681 _222 _bSMI |
| 100 | 1 |
_aSmith, Jim, _d1946- _932854 |
|
| 245 | 1 | 0 |
_aBuilding Cost Planning for the Design Team / _cJim Smith and David Jagger. |
| 250 | _a2nd ed. | ||
| 260 |
_aAmsterdam ; _aBoston : _bButterworth-Heinemann, _c2007. |
||
| 300 |
_axii, 401 p. : _bill. ; _c24 cm. |
||
| 504 | _aIncludes bibliographical references and index. | ||
| 650 | 0 |
_aConstruction industry _xCost control. _932855 |
|
| 650 | 0 |
_aBuilding _xEstimates. _932856 |
|
| 653 |
_bArch _cMarch2013 |
||
| 700 | 1 |
_aJaggar, David. _932857 |
|
| 942 |
_2ddc _cBB |
||
| 999 |
_c17365 _d17337 |
||